000
00264nam a2200109Ia 4500
008
190216s9999||||xx |||||||||||||| ||und||
100
_a
Null
245
0
_a
Hindi-Hindi Ka Prasar Our Vikas 1952-67
260
_b
Poorna Pubs Kozhikode
650
_a
Hindi
942
_c
BK
999
_c
15358
_d
15358